000
00310nam a22001337a 4500
008
170329b xxu||||| |||| 00| 0 eng d
020
_a
9781591952398
041
_a
eng
080
_2
15TH
_a
616-053.2
100
_a
8
101
_a
SHM
245
_a
PEDIATRIC DOSAGE HANDBOOK
_c
TAKETOMO, C.K
942
_2
udc
_c
BK
999
_c
9003
_d
9003